Statistics for Capital City To Country

Click here to take the quiz!

General Stats

  • This quiz has been taken 45 times
  • The average score is 16 of 20

Answer Stats

QuestionAnswer% Correct
CairoEgypt
100%
OttawaCanada
98%
HavanaCuba
98%
Buenos AiresArgentina
95%
BrusselsBelgium
95%
TehranIran
91%
BudapestHungary
89%
BernSwitzerland
86%
DohaQatar
84%
JakartaIndonesia
82%
ZagrebCroatia
80%
RabatMorocco
75%
AstanaKazakhstan
73%
VilniusLithuania
73%
KinshasaDR Congo
70%
ChisinauMoldova
68%
KhartoumSudan
68%
MontevideoUruguay
68%
TegucigalpaHonduras
61%
AbujaNigeria
59%

Score Distribution

Percentile by Number Answered

Percent of People with Each Score

Your Score History

You have not taken this quiz